Good luck charlie - Statistics

General Stats
  • This quiz has been taken 247 times
  • The average score is 9 of 12
Answer Stats
Clues Answer % Correct
The maker of the video diaries Teddy
99%
The naughtiest Duncan Gabe
98%
The cutest Duncan Charlie
97%
The dumbest Duncan Pj
97%
The baby of the family Toby
92%
The mum Amy
86%
The dad Bob
86%
How many seasons are there 4
85%
Teddy's boyfriend Spencer
82%
Pj's girlfriend that came back in season 4 Skylar
49%
Gabe's girlfriend in season 4 Lauren
23%
The bully in season 1 Joe
21%
No matching quizzes found
Score Distribution
Percent of People with Each Score
Percentile by Number Answered
Your Score History
You have not taken this quiz